Fish oils in nutrition
Guardat en:
| Format: | Llibre |
|---|---|
| Idioma: | Undetermined |
| Publicat: |
New York
Van Nostrand Reihold
1990
|
| Matèries: | |
| Etiquetes: |
Afegir etiqueta
Sense etiquetes, Sigues el primer a etiquetar aquest registre!
|
| Thư viện lưu trữ: | Trung tâm Học liệu Trường Đại học Cần Thơ |
|---|
| LEADER | 00472nam a2200169Ia 4500 | ||
|---|---|---|---|
| 001 | CTU_38834 | ||
| 008 | 210402s9999 xx 000 0 und d | ||
| 082 | |a 641.14 | ||
| 082 | |b F532 | ||
| 245 | 0 | |a Fish oils in nutrition | |
| 245 | 0 | |c Edited by Maurice E. Stansby | |
| 260 | |a New York | ||
| 260 | |b Van Nostrand Reihold | ||
| 260 | |c 1990 | ||
| 650 | |a Fish oils,Fish oils in human nutrition | ||
| 904 | |i Giang | ||
| 980 | |a Trung tâm Học liệu Trường Đại học Cần Thơ | ||